| 000 | 02646nam a22003377a 4500 | ||
|---|---|---|---|
| 003 | AR-FvUNAJ | ||
| 005 | 20220718140253.0 | ||
| 007 | cr | ||
| 008 | 200311e2021 ag ||||om||||001|0 spa d | ||
| 040 |
_aAR-FvUNAJ _cAR-FvUNAJ _eaacr2 |
||
| 041 | _aspa | ||
| 100 | 1 |
_913722 _aBarros, Carla Micaela |
|
| 245 | 1 | 0 |
_aVoluntariado : _bun estudio comparativo sobre los sentidos del trabajo remunerado y el trabajo voluntario, en jóvenes participantes de una ONG de Quilmes en el periodo 2019-2020 / _cCarla Micaela Barros |
| 260 |
_aFlorencio Varela: _bUniversidad Nacional Arturo Jauretche, _c2021. |
||
| 300 | _a47 p. | ||
| 501 | _aContiene Anexo: Entrevista | ||
| 502 |
_bTesis para obtener el titulo de Licenciado/a _cUniversidad Nacional Arturo Jauretche. |
||
| 520 | 2 | _aEl presente trabajo de investigación tiene como objetivo explorar y comparar los sentidos en torno al trabajo remunerado y el trabajo voluntario en los y las jóvenes participantes de una Organización No Gubernamental (ONG) del sector salud de la ciudad de Quilmes en el período 2019-2020. Se plantean las diferencias entre ambas variantes y se hace hincapié en el voluntariado. Para esto, se explica la evolución del concepto trabajo, sus similitudes y diferencias con el voluntariado; se analizan las competencias que los y las jóvenes adquieren; se definen y caracterizan a las ONGs en América Latina y Argentina; se distingue desde su perspectiva y la experiencia que han adquirido a lo largo de su trayectoria laboral. Por último, se interpreta qué significa para ellos y ellas el trabajo y los obstáculos para acceder a éste. Para llegar a tal fin, se utiliza una metodología cualitativa en base a entrevistas semi-estructuradas, con el objetivo de conocer las diferentes competencias, motivaciones y perspectivas sobre el trabajo que adquieren los y las jóvenes de dicha organización. | |
| 540 |
_aEsta obra está bajo una Licencia Creative Commons Argentina. Atribución 4.0 _uhttps://creativecommons.org/licenses/by/4.0/ |
||
| 630 | 0 |
_911493 _aLicenciatura en Relaciones del Trabajo |
|
| 650 | 2 | 7 |
_9606 _aTRABAJO _2unescot |
| 650 | 2 | 7 |
_96891 _aVOLUNTARIOS _2unescot |
| 650 | 2 | 7 |
_94069 _aORGANIZACIONES NO GUBERNAMENTALES _2unescot |
| 650 | 2 | 7 |
_93002 _aJOVEN _2unescot |
| 650 | 2 | 7 |
_9407 _aCOMPETENCIA PROFESIONAL _2unescot |
| 700 | 1 |
_914625 _aBarbenza, Ezequiel _eDirección |
|
| 856 | 4 | 1 |
_uhttps://biblioarchivo.unaj.edu.ar/mostrar/pdf/scvsdf/erwe/7b2bd0688988be48ea3a81cbf00aa2cc18b5e71e _qapplication/pdf |
| 942 |
_2ddc _cTF |
||
| 980 |
_820072 _g Matías Regueira _620072 _a Regueira |
||
| 999 |
_c7348 _d7348 |
||